|
|
|
แสดงรายละเอียดบรรณานุกรม |
|
|
Brief Record
: Get Marc (ISO 2709)
: E-mail record
: |
|
|
| LEADER 00000nam 2200000uu 4500 | |||
| 001 13399126077 | |||
| 003 BCNR | |||
| 008 191022s2561||||th 000 0 tha d | |||
| 020 ^a9786164431188 | |||
| 041 ^atha | |||
| 060 4 ^aQZ4^bพ218 2561 | |||
| 245 00 ^aพยาธิวิทยากายวิภาค =^bAnatomic pathology /^cจริยา ไวศยารัทธ์, ไพศาล บุญสะกันต์, จิตชัย ขยันการนาวี และ ชินวุฒิ สุริยนเปล่งแสง, บรรณาธิการ | |||
| 246 31 ^aAnatomic pathology | |||
| 250 ^aพิมพ์ครั้งที่ 1 | |||
| 260 ^aกรุงเทพฯ :^bภาควิชาพยาธิวิทยา คณะแพทยศาสตร์โรงพยาบาลรามาธิบดี มหาวิทยาลัยมหิดล,^c2561 | |||
| 300 ^a354 หน้า :^bภาพประกอบ (ภาพสีบางภาพ), ตาราง ;^c30 ซม. | |||
| 505 0 ^aบทที่ 1 พยาธิวิทยาของระบบทางเดินหายใจ -- บทที่ 2 พยาธิวิทยาของระบบทางเดินอาหาร 1 -- บทที่ 3 พยาธิวิทยาของระบบทางเดินอาหาร 2 -- บทที่ 4 พยาธิวิทยาของตับ ระบบทางเดินน้ำดีและถุงน้ำดี -- บทที่ 5 พยาธิวิทยาของระบบสืบพันธุ์หญิง 1 -- บทที่ 6 พยาธิวิทยาของระบบสืบพันธุ์หญิง 2 -- บทที่ 7 พยาธิวิทยาของระบบกระดูกและเนื้อเยื่ออ่อน -- บทที่ 8 พยาธิวิทยาของกล้ามเนื้อ -- บทที่ 9 พยาธิวิทยาของเนื้องอกในเด็ก -- บทที่ 10 พยาธิวิทยาของระบบน้ำเหลือง -- บทที่ 11 อิมมูโนฮิสโตเคมีทางพยาธิวิทยา -- บทที่ 12 พยาธิวิทยาของการตายผิดธรรมชาติ | |||
| 650 4 ^aพยาธิวิทยา | |||
| 650 0 ^aกายวิภาคศาสตร์ | |||
| 700 0 ^aจริยา ไวศยารัทธ์,^eบรรณาธิการ | |||
| 700 0 ^aไพศาล บุญสะกันต์,^eบรรณาธิการ | |||
| 700 0 ^aจิตชัย ขยันการนาวี,^eบรรณาธิการ | |||
| 700 0 ^aชินวุฒิ สุริยนเปล่งแสง,^eบรรณาธิการ | |||
| 710 2 ^aมหาวิทยาลัยมหิดล. ^bคณะแพทยศาสตร์โรงพยาบาลรามาธิบดี.^bภาควิชาพยาธิวิทยา | |||
| 999 ^aบรรณารักษ์ | |||
| คุณยังไม่ได้ล็อกอิน คุณสามารถมีกิจกรรมร่วมกับเว็บไซต์ได้ แต่ต้องล็อกอินก่อน :: |
|
| สถานะ | |||||||||
| 1. | หนังสือ | QZ4 พ218 2561 c.1 Barcode: 076539 | ►หนังสือทั่วไป | On Shelf *เพิ่งรับคืน | |||||
| 2. | หนังสือ | QZ4 พ218 2561 c.2 Barcode: 076540 | ►หนังสือทั่วไป | On Shelf *เพิ่งรับคืน | |||||
| 3. | หนังสือ | QZ4 พ218 2561 c.3 Barcode: 076541 | ►หนังสือทั่วไป | On Shelf | |||||
| 4. | หนังสือ | QZ4 พ218 2561 c.4 Barcode: 076542 | ►หนังสือทั่วไป | On Shelf *เพิ่งรับคืน | |||||
| [แสดง 4/4 รายการ] | |||||||||
BibComment |
| คอมเมนท์ทรัพยากรรายการนี้ |
|
|